Регионална библиотека "Любен Каравелов" - Русе

Geni@l klick für Bulgarien A2 CD (Запис номер 326718)

MARC детайли
000 -Лидер
Контролно поле с фиксирана дължина 01315nmm a2200349 a 4500
003 - Код на организацията, давaща контролен номер
Контролно поле BLK
005 - Дата и час на последна редакция
Контролно поле 20240827005350.0
008 - Елементи от данни с фиксирана дължина
fixed length control field 181122b bu ||||| |||| 00| 0 bu d
020 ## - Международен стандартен номер на книга ISBN
Международен стандартен номер на книга ISBN 9789543443840
040 ## - Източник на каталожния запис
Идентификатор на билиотеката - собственик на записа BLK
041 ## - Код за език
Код за езика на текст/звукозапис или на отделно заглавие Немски
Код за езика КДБФ Немски
080 ## - УДК
Текстов определител УДК Немски език (високонемски, стандартен писмен)
УДК код - определител по УДК 811.112.2
УДК - код + определител 811.112.2(076)(075.9+086.76)
100 1# - Редна дума - Автор
R(LIN) 376227
Автор Frohlich, Birgitta
Авторска отговорност първи автор
139 ## - Редно поле
Редна дума Frohlich, Birgitta
Авторски знак Fro - F 94
245 ## - Сведения за заглавието
Заглавие Geni@l klick für Bulgarien A2 CD
Подзаглавни данни Arbeitsbuch A2. Bd. 1, Lektionen 1-5
260 ## - Област на издателските данни
9 (RLIN) 219518
Място на издаване, разпространение и проч. София
Име на издателя, разпространителя и проч. Клет България
Година на издаване 2017 г.
Печатница Булвест Принт АД
Издателство - префикс ISBN 978-954-344-
260 ## - Област на издателските данни
9 (RLIN) 390905
Място на издаване, разпространение и проч. Мюнхен, Германия
Име на издателя, разпространителя и проч. Клет-Лангеншайт ГМБХ
Година на издаване 2013 г.
300 ## - Физическа характеристика
Размери/Мащаб 12 см
380 ## - Жанр
Жанр Езикознание. Филология
650 #0 - Допълнително описание по предмет – тема
9 (RLIN) 243377
Основно описание – тема или топоним Немски език - учебници за курсове
653 #0 - Ключова дума – ненормативна
Ключова дума немски език
9 (RLIN) 192028
653 #7 - Ключова дума – ненормативна
Ключова дума немски език
9 (RLIN) 192028
700 ## - Други автори (авторска отговорност)
Лично име Mariotta, Maruska
Автороска отговорност (Описва отношението между автора и произведението) съавт.
9 (RLIN) 1445
700 ## - Други автори (авторска отговорност)
Лично име Petra Pfeifhofer
Автороска отговорност (Описва отношението между автора и произведението) съавт.
9 (RLIN) 1445
999 ## - СИСТЕМНИ КОНТРОЛНИ НОМЕРА
Koha biblionumber 326718
Koha biblioitemnumber 326718
942 ## - АРТИКУЛИ
Вид на библиотечния материал Компактдискове
Скрит в OPAC Не
944 ## - СЪЗДАВАНЕ И РЕДАКЦИЯ на ЗАПИСА
Създаване/Редакция Създаване
Дата на регистрацията/редакция 2018-11-23
Служител, извършил регистрацията/редакцията
Статус, дата на статуса CRON CRON
999 ## - СИСТЕМНИ КОНТРОЛНИ НОМЕРА
Koha biblioitemnumber 326718
999 ## - СИСТЕМНИ КОНТРОЛНИ НОМЕРА
Koha biblioitemnumber 326717
999 ## - СИСТЕМНИ КОНТРОЛНИ НОМЕРА
Koha biblioitemnumber 326551
999 ## - СИСТЕМНИ КОНТРОЛНИ НОМЕРА
Koha biblioitemnumber 326551
999 ## - СИСТЕМНИ КОНТРОЛНИ НОМЕРА
Koha biblioitemnumber 326551
Наличности
Код за отписване Код за изгубен артикул Източник на класификационната схема Код за повреда Коз за рестрикции Код за отдаване Артикулен № Име на библиотеката - собственик Име на библиотеката, в която се намира в момента Статус (Текущо местоположение) Дата на вписване в системата Местоположение - отдел Цена в лева Систематично азбучна сигнатура Баркод Цена в евро Служебен тип на артикула
  Не е изгубен Universal Decimal Classification Не е повреден без рестрикции ползва се в читалня 683048 Регионална библиотека "Любен Каравелов" Русе Регионална библиотека "Любен Каравелов" Русе Хранилище 2018-11-27 Хранилище 8.50 Цб II 23023 250000006157 4.35 Компактдискове
Vip Innovations Ltd, Rousse, Bulgaria 2025